UITU Library & LRC     

Schaums Outlines Signal & Systems (Record no. 31550)

MARC details
000 -LEADER
fixed length control field 00438nam a2200169Ia 4500
008 - FIXED-LENGTH DATA ELEMENTS--GENERAL INFORMATION
fixed length control field 250827s9999 xx 000 0 und d
020 ## - INTERNATIONAL STANDARD BOOK NUMBER
International Standard Book Number 978-1-2604-5425-3
082 ## - DEWEY DECIMAL CLASSIFICATION NUMBER
Classification number 621.3822 HSU
100 ## - MAIN ENTRY--PERSONAL NAME
Personal name Hsu, Hwei P.
245 #0 - TITLE STATEMENT
Title Schaums Outlines Signal & Systems
250 ## - EDITION STATEMENT
Edition statement 4th ed.
260 ## - PUBLICATION, DISTRIBUTION, ETC.
Place of publication, distribution, etc. New York
Name of publisher, distributor, etc. Mcgraw Hill
Date of publication, distribution, etc. 2020
300 ## - PHYSICAL DESCRIPTION
Extent 514p.
600 ## - SUBJECT ADDED ENTRY--PERSONAL NAME
Personal name Electronic Engineering
650 ## - SUBJECT ADDED ENTRY--TOPICAL TERM
Topical term or geographic name entry element Engineering Technology
942 ## - ADDED ENTRY ELEMENTS (KOHA)
Koha item type Book Bank Data
Holdings
Withdrawn status Lost status Damaged status Not for loan Collection Home library Current library Date acquired Source of acquisition Cost, normal purchase price Total checkouts Full call number Barcode Date last seen Price effective from Koha item type
        BB-Electrical Engineering UITU Library UITU Library 08/27/2025 H&S Enterprices 4401.74   621.3822 HSU BB2752 08/27/2025   Book Bank Data

Powered by Koha